Primary teaching in Sunday schools / (Record no. 27346)
[ view plain ]
| 000 -LEADER | |
|---|---|
| fixed length control field | 00519nam a22001811a 4500 |
| 005 - DATE AND TIME OF LATEST TRANSACTION | |
| control field | 20150106020004.0 |
| 008 - FIXED-LENGTH DATA ELEMENTS--GENERAL INFORMATION | |
| fixed length control field | 090818s1964 001 0 eng d |
| 020 ## - INTERNATIONAL STANDARD BOOK NUMBER | |
| Terms of availability | 0.00 |
| 040 ## - CATALOGING SOURCE | |
| Original cataloging agency | NEGST Library - Kenya |
| 082 0# - DEWEY DECIMAL CLASSIFICATION NUMBER | |
| Classification number | BV 1546.J3 1959 |
| 100 1# - MAIN ENTRY--PERSONAL NAME | |
| Personal name | James, Jean H. |
| 245 10 - TITLE STATEMENT | |
| Title | Primary teaching in Sunday schools / |
| Statement of responsibility, etc | Jean H. James. |
| 260 ## - PUBLICATION, DISTRIBUTION, ETC. (IMPRINT) | |
| Place of publication, distribution, etc | London : |
| Name of publisher, distributor, etc | Scripture Union, |
| Date of publication, distribution, etc | 1964. |
| 300 ## - PHYSICAL DESCRIPTION | |
| Extent | 73p. |
| 600 10 - SUBJECT ADDED ENTRY--PERSONAL NAME | |
| Personal name | Christian education of children. |
| 852 ## - LOCATION/CALL NUMBER | |
| -- | 5.00 |
| 942 00 - ADDED ENTRY ELEMENTS (KOHA) | |
| Koha issues (borrowed), all copies | 1 |
| Withdrawn status | Lost status | Source of classification or shelving scheme | Damaged status | Not for loan | Collection code | Home library | Current library | Shelving location | Date acquired | Cost, normal purchase price | Total Checkouts | Full call number | Barcode | Date last seen | Date checked out | Copy number | Price effective from | Koha item type |
|---|---|---|---|---|---|---|---|---|---|---|---|---|---|---|---|---|---|---|
| Library of Congress Classification | General Circulation | AIU/NEGST - Tony Wilmot Memorial Library | AIU/NEGST - Tony Wilmot Memorial Library | General Stacks | 11/02/2009 | 5.00 | 2 | BV 1546.J3 1959 | R21764Y3232 | 09/26/2019 | 05/02/2019 | 1 | 11/02/2009 | Books |
